[Event "45th Olympiad 2024"]
[Site "Budapest HUN"]
[Date "2024.09.18"]
[Round "7.46"]
[Board "1"]
[White "Al Hosani, Omran"]
[Black "Juarez Flores, Carlos A."]
[Result "1/2-1/2"]
[WhiteElo "2241"]
[BlackElo "2308"]
[PlyCount "106"]
[EventDate "2024.09.11"]
[WhiteTeam "United Arab Emirates"]
[BlackTeam "Guatemala"]
[WhiteTeamCountry "UAE"]
[BlackTeamCountry "GUA"]

1. d4 d5 2. c4 e6 3. Nf3 a6 4. cxd5 exd5 5. Nc3 Be7 6. Bf4 Nf6 7. e3 O-O 8. Bd3 c5 ({RR} 8... c6 9. h3 Nbd7 10. O-O Re8 11. Qc2 Nf8 12. Rab1 Bd6 13. Bxd6 Qxd6 14. b4 Be6 15. Na4 Re7 16. Nc5 Rae8 17. a4 Bc8 18. b5 axb5 19. axb5 Ne4 20. Bxe4 dxe4 21. Ne5 Qd5 22. bxc6 bxc6 23. Rb6 {1-0 Van Wely,L (2646)-Nikolic,P (2659) Dordrecht blitz 2000 (14.1)}) 9. O-O ({RR} 9. dxc5 Bxc5 10. O-O Nc6 11. Bg5 h6 12. Bh4 Bg4 13. h3 Be6 14. Ne2 Be7 15. Ned4 Qd7 16. Rc1 g5 17. Bg3 Ne4 18. Nxc6 bxc6 19. Ne5 Qb7 20. Bxe4 dxe4 21. Nxc6 Bf6 22. b3 a5 23. Nd4 Qd5 {1-0 Klimkowski,J (2518)-Sadykov,R (2313) Titled Tue 7th May Early 2024 (3)}) 9... c4 10. Be2 $146 ({RR} 10. Bc2 b5 11. e4 dxe4 12. Nxe4 Bb7 13. Re1 Nbd7 14. Ng3 g6 15. Ne4 Nxe4 16. Bxe4 Bxe4 17. Rxe4 Nf6 18. Re2 Re8 19. Qd2 Qd5 20. Re5 Qd7 21. Rae1 Nd5 22. a3 Nxf4 23. Qxf4 Bf8 24. Qe4 Red8 {0-1 Radusinovic,L (1990)-Marcetic,N (2367) Belgrade Trophy 19th 2006 (5)}) 10... Bf5 11. Ne5 b5 12. a3 Ne4 13. Bg4 Nxc3 14. bxc3 Qc8 15. Bxf5 Qxf5 16. Qb1 Qxb1 17. Rfxb1 f6 18. Nf3 Nc6 19. Nd2 f5 20. f3 g5 21. Bg3 f4 22. Be1 fxe3 23. Nf1 Bf6 24. Nxe3 Nxd4 25. Nxd5 Nb3 26. Ra2 Rad8 27. Nxf6+ Rxf6 28. a4 Rfd6 29. axb5 axb5 30. Kf1 Rd1 31. Rxd1 Rxd1 32. Ra8+ Kf7 33. Ke2 Rb1 34. Rb8 Nc1+ 35. Ke3 Na2 36. Rb7+ Ke6 37. Bd2 b4 38. cxb4 c3 39. Rxh7 cxd2 40. Kxd2 Rb2+ 41. Ke3 Rxb4 42. g3 Rb3+ 43. Kf2 Rb2+ 44. Ke3 Nb4 45. h4 Nd5+ 46. Kd3 Rg2 47. Rh6+ Ke5 48. Rh5 Rxg3 49. Rxg5+ Rxg5 50. hxg5 Kf5 51. g6 Nf4+ 52. Ke3 Nxg6 53. f4 Nxf4 1/2-1/2

[Event "45th Olympiad 2024"]
[Site "Budapest HUN"]
[Date "2024.09.18"]
[Round "7.46"]
[Board "2"]
[White "Galvez Dastin, Eduardo"]
[Black "Ammar, Sedrani"]
[Result "0-1"]
[WhiteElo "2100"]
[BlackElo "2226"]
[PlyCount "124"]
[EventDate "2024.09.11"]
[WhiteTeam "Guatemala"]
[BlackTeam "United Arab Emirates"]
[WhiteTeamCountry "GUA"]
[BlackTeamCountry "UAE"]

1. d4 d5 2. c4 e6 3. cxd5 exd5 4. Nc3 c6 5. Bf4 Nf6 6. e3 Bd6 7. Bxd6 Qxd6 8. Qb3 O-O 9. Bd3 Nbd7 10. Nf3 Re8 11. Qc2 $146 ({RR} 11. O-O c5 12. Nb5 Qb6 13. Qa4 c4 14. Bf5 a6 15. b3 Qxb5 {0-1 Holth,T-Eriksen,O (1594) Sarpsborg CC-ch 2002 (9)}) 11... Nf8 12. h3 Ne6 13. O-O g6 14. Rfb1 a5 15. a3 Ng7 16. Rd1 Bf5 17. Rab1 Bxd3 18. Rxd3 Nf5 19. b4 axb4 20. axb4 b5 21. Ne5 Ra6 22. Ne2 Nd7 23. Nxd7 Qxd7 24. Rdd1 Rea8 25. Qc3 Nd6 26. Ra1 Ra2 27. Rxa2 Rxa2 28. Ng3 Nc4 29. Ra1 Qa7 30. Rxa2 Qxa2 31. Qe1 Qb2 32. Ne2 Kg7 33. Nf4 Nd2 34. Nd3 Qc3 35. Qe2 Nc4 36. g3 Na3 37. Ne5 f6 38. Nd7 Qxb4 39. Qg4 Qb1+ 40. Kg2 Qe4+ 41. Qxe4 dxe4 42. Nc5 f5 43. g4 Nc4 44. gxf5 gxf5 45. Kg3 Nb2 46. Kf4 Kg6 47. Ke5 Nd3+ 48. Kd6 b4 49. Nb3 Nxf2 50. Kxc6 f4 51. d5 fxe3 52. d6 Nd3 53. Nc1 Ne5+ 54. Kd5 Kf6 55. Kd4 b3 56. Kc3 Nd3 57. Ne2 b2 58. Kc2 Ke6 59. Nc3 h6 60. Kb1 Kxd6 61. Nxe4+ Ke5 62. Nc3 Nf4 0-1

[Event "45th Olympiad 2024"]
[Site "Budapest HUN"]
[Date "2024.09.18"]
[Round "7.46"]
[Board "3"]
[White "Ahmed, Fareed"]
[Black "Aragon Trujillo, Ricardo M."]
[Result "1-0"]
[WhiteElo "2061"]
[BlackElo "2057"]
[PlyCount "99"]
[EventDate "2024.09.11"]
[WhiteTeam "United Arab Emirates"]
[BlackTeam "Guatemala"]
[WhiteTeamCountry "UAE"]
[BlackTeamCountry "GUA"]

1. e4 c5 2. Nf3 d6 3. c3 Nf6 4. Be2 g6 5. O-O Bg7 6. Re1 O-O 7. Bf1 Nc6 8. h3 e5 9. d3 d5 10. Nbd2 Re8 11. a3 ({RR} 11. exd5 Nxd5 12. Ne4 b6 13. Bg5 f6 14. Bh4 g5 15. Bg3 Bf5 16. Qa4 Rc8 17. d4 Bxe4 18. Rxe4 f5 19. Ree1 f4 20. Bh2 e4 21. Bb5 Qd6 22. Nxg5 e3 23. fxe3 Nxe3 24. Rxe3 Bxd4 25. cxd4 Rxe3 {1-0 Hansen,E (2609)-Bilguun,S (2474) World Blitz 2022 (13.47)}) ({RR} 11. Qc2 h6 12. a3 a5 13. a4 Be6 14. g3 Rc8 15. Kh2 c4 16. dxc4 dxe4 17. Nh4 Qb6 18. Nb3 Ne7 19. Be3 Qc7 20. Nc5 Bf5 21. b4 axb4 22. cxb4 b6 23. Na6 Qb7 24. b5 g5 25. Ng2 Nd7 {½-½ Vitoux,C (2374)-Goldsztejn,G (2412) TCh-FRA Top 16 GpA 2024 (1.6)}) 11... a5 $146 ({RR} 11... d4 12. cxd4 cxd4 13. b4 Bf8 14. g3 Nd7 15. Nb3 a5 16. b5 Ncb8 17. a4 Nc5 18. Nxc5 Bxc5 19. Bd2 Qd6 20. Qb1 f6 21. Nh4 Be6 22. f4 Bb4 23. Bxb4 axb4 24. f5 Bf7 25. Rc1 Nd7 26. a5 {0-1 Hansen,M (2370)-Borge,N (2405) P&V Cup Tjalfe 1995}) ({RR} 11... d4 12. cxd4 cxd4 13. b4 a6 14. Nb3 h6 15. Bd2 Qd6 16. Qc1 Kh7 17. Qb2 b6 18. Rec1 Be6 19. Be1 Rec8 20. Rc2 Nd7 21. Rac1 Na7 22. Nbd2 b5 23. Nb3 Rxc2 24. Rxc2 Rc8 25. Na5 Bf8 26. Be2 {0-1 Welling,G (2400)-Radovanovic,J (2280) Richmond Chess In 2nd 1995 (8)}) ({RR} 11... d4 12. cxd4 cxd4 13. b4 b5 14. Nb3 a5 15. Bb2 axb4 16. axb4 Rxa1 17. Qxa1 Bf8 18. Na5 Bd7 19. Nxc6 Bxc6 20. Qa6 Qa8 21. Qxa8 Bxa8 22. Ra1 Nd7 23. Be2 f6 24. Bd1 Kf7 25. Bb3+ Ke7 26. h4 {½-½ Remmel,T (2201)-Janssen,R (2448) NED U20 op Hengelo 1999 (4)}) 12. a4 b6 13. exd5 Nxd5 14. Nc4 h6 15. g3 Ba6 16. Qb3 Rb8 17. Bg2 Nc7 18. Nfd2 Re6 19. Be4 Ne7 20. Qc2 Qd7 21. Bg2 Rd8 22. Bf1 Bb7 23. b3 Qc6 24. f3 f5 25. Be2 g5 26. g4 Ncd5 27. gxf5 Nxf5 28. Ne4 Rf8 29. Rf1 Nh4 30. Bd1 Nf4 31. Bxf4 gxf4 32. Ra2 Rg6+ 33. Kh2 Qe6 34. Qf2 Rg2+ 35. Qxg2 Nxg2 36. Rxg2 Bc8 37. Rg4 h5 38. Rh4 Rd8 39. Be2 Qf7 40. Rg1 Bf5 41. Ncd6 Qe6 42. Nxf5 Qxf5 43. Rxh5 Qf8 44. Rhg5 Rd7 45. Rg6 Kh7 46. h4 Qf5 47. R6g5 Qe6 48. Rh5+ Kg8 49. d4 Kf8 50. Bc4 1-0

[Event "45th Olympiad 2024"]
[Site "Budapest HUN"]
[Date "2024.09.18"]
[Round "7.46"]
[Board "4"]
[White "Garcia Fuentes, Sergio Miguel"]
[Black "Sultan, Ibrahim"]
[Result "0-1"]
[WhiteElo "2114"]
[BlackElo "2206"]
[PlyCount "110"]
[EventDate "2024.09.11"]
[WhiteTeam "Guatemala"]
[BlackTeam "United Arab Emirates"]
[WhiteTeamCountry "GUA"]
[BlackTeamCountry "UAE"]

1. d4 d5 2. Bg5 h6 3. Bh4 c5 4. Nf3 ({RR} 4. e3 Nc6 5. Nf3 g5 6. Bg3 Bg7 7. c3 Qb6 8. Qc1 Bf5 9. Nbd2 Rc8 10. dxc5 Qxc5 11. Be2 Nf6 12. O-O O-O 13. Nd4 Bg6 14. Nxc6 Qxc6 15. Be5 Ne4 16. Bxg7 Kxg7 17. Nxe4 Bxe4 18. Qd2 Qb6 {1-0 Kramnik,V (2788)-Grachev,B (2640) Moscow Tal Memorial Blitz 2008 (17)}) 4... cxd4 ({RR} 4... Qb6 5. b3 cxd4 6. Qxd4 Nc6 7. Qxb6 axb6 8. e3 e5 9. Bb5 f6 10. c4 Bb4+ 11. Ke2 Nge7 12. cxd5 Nxd5 13. Rd1 Be6 14. e4 Nc3+ 15. Nxc3 Bxc3 16. Rac1 Rxa2+ 17. Kf1 Ba5 18. Bxc6+ bxc6 19. Rxc6 {0-1 Winkels,M (1957)-Matt,F (2287) Titled Tue 31st Jan Early 2023 (4)}) 5. Nxd4 Nc6 6. e3 g5 $146 ({RR} 6... Qb6 7. Bb5 a6 8. Bxc6+ bxc6 9. Nd2 e6 10. O-O Be7 11. Bxe7 Nxe7 12. b3 e5 13. N4f3 Ng6 14. Qc1 O-O 15. Qb2 Re8 16. Kh1 a5 17. c4 Ba6 18. Rac1 Rad8 19. Rc2 d4 20. c5 Qc7 21. Re1 {0-1 Nygren,K (2211)-Westerberg,J (2464) Goteborg op Molnlycke 2015 (3)}) 7. Bg3 Bg7 8. Nb5 Bxb2 9. Nc7+ Kf8 10. Nd2 Bg4 11. f3 Rc8 12. fxg4 Rxc7 13. Bxc7 Qxc7 14. Rb1 Bc3 15. Bd3 Nf6 16. Qe2 Ne5 17. Kd1 Nfxg4 18. h3 Nf6 19. Rf1 Kg7 20. Nf3 Ne4 21. Nxe5 Bxe5 22. Bxe4 dxe4 23. Rb3 Qa5 24. a3 Rc8 25. Kc1 a6 26. Qh5 Qd5 27. Kb1 Rc3 28. Qd1 Qe6 29. Rf2 Rxe3 30. Re2 Rxb3+ 31. cxb3 Bf6 32. Ka2 Qe5 33. Qe1 e3 34. Qc1 Qd5 35. g4 Bd4 36. Rxe3 Bxe3 37. Qxe3 e6 38. a4 Kg6 39. Kb2 h5 40. gxh5+ Kxh5 41. Qe2+ Kh6 42. Ka2 e5 43. Qf2 Qe6 44. h4 e4 45. Qe3 f6 46. hxg5+ fxg5 47. Kb1 Kh5 48. Kc2 Qe5 49. Qh3+ Kg6 50. Qc8 e3 51. Kd1 Qd5+ 52. Ke2 Qd2+ 53. Kf3 Qf2+ 54. Ke4 Qf4+ 55. Kd3 Qf5+ 0-1

[Event "45th Olympiad 2024"]
[Site "Budapest HUN"]
[Date "2024.09.18"]
[Round "7.47"]
[Board "1"]
[White "Pace, Colin"]
[Black "Xie, Felix"]
[Result "0-1"]
[WhiteElo "2186"]
[BlackElo "2320"]
[PlyCount "94"]
[EventDate "2024.09.11"]
[WhiteTeam "Malta"]
[BlackTeam "New Zealand"]
[WhiteTeamCountry "MLT"]
[BlackTeamCountry "NZL"]

1. e4 c5 2. Nf3 e6 3. d4 cxd4 4. Nxd4 Nf6 5. Nc3 Nc6 6. Nxc6 bxc6 7. e5 Nd5 8. Ne4 Bb7 9. c4 Nb4 10. c5 Qb8 11. f4 Ba6 12. a3 Bxf1 13. Rxf1 Nd5 14. Rf3 Be7 15. Qc2 ({RR} 15. b3 f5 16. Nd6+ Bxd6 17. exd6 Qd8 18. Qd2 Qh4+ 19. Kf1 Nf6 20. Bb2 Ne4 21. Qe3 Rb8 22. Kg1 O-O 23. Rh3 Qg4 24. Re1 Qg6 25. Qc1 Nf6 26. Rg3 Qf7 27. Bd4 h6 28. Qb2 Kh7 29. Ree3 Nh5 {½-½ Ganguly,S (2592)-Razafindratsima,T (2449) 57th Biel Master Open 2024 (4.6)}) 15... f6 16. exf6 gxf6 $146 ({RR} 16... Nxf6 17. Ng5 O-O 18. Rh3 h6 19. Rxh6 gxh6 20. Qg6+ Kh8 21. Qxh6+ Kg8 22. Qg6+ Kh8 23. Qh6+ Kg8 24. Qg6+ Kh8 25. Qh6+ Kg8 26. Qg6+ {½-½ Shirov,A (2666)-Guseinov,G (2661) 13th World Teams Play-off 2022 (1.1)}) ({RR} 16... Nxf6 17. Rb3 Qc7 18. Nxf6+ Bxf6 19. Be3 O-O 20. O-O-O Rab8 21. Rd2 Rxb3 22. Qxb3 Rb8 23. Qc4 Rb7 24. g3 Qb8 25. Bd4 Bxd4 26. Qxd4 Qf8 27. Kb1 Qf5+ 28. Ka1 h6 29. Qc4 a5 30. Ka2 Kh7 31. Qc3 {½-½ Moussard,J (2686)-Grandelius,N (2651) Bundesliga 2022-23 (10.7)}) 17. Bd2 f5 18. Nc3 Rg8 19. g3 Qb7 20. Nxd5 cxd5 21. b4 d4 22. Kf2 h5 23. Re1 Kf7 24. Rd3 h4 25. c6 dxc6 26. Qc4 Rg6 27. g4 c5 28. Rxe6 Rxe6 29. gxf5 Qe4 30. Qxe6+ Qxe6 31. fxe6+ Kxe6 32. bxc5 Kd5 33. Rb3 Bxc5 34. Rb7 Ke4 35. Bb4 Bb6 36. Re7+ Kxf4 37. Bd2+ Kf5 38. Kf3 Rc8 39. Rh7 Rc2 40. Ke2 Kg4 41. Kd1 Ra2 42. h3+ Kxh3 43. Be1 Ra1+ 44. Ke2 d3+ 45. Kf1 Bd8 46. Rd7 d2 47. Rxd2 Rxe1+ 0-1

[Event "45th Olympiad 2024"]
[Site "Budapest HUN"]
[Date "2024.09.18"]
[Round "7.47"]
[Board "2"]
[White "Renjith, Sravan"]
[Black "Novak, Attila Robert"]
[Result "1-0"]
[WhiteElo "2325"]
[BlackElo "2135"]
[PlyCount "75"]
[EventDate "2024.09.11"]
[WhiteTeam "New Zealand"]
[BlackTeam "Malta"]
[WhiteTeamCountry "NZL"]
[BlackTeamCountry "MLT"]

1. Nf3 d5 2. c4 dxc4 3. Qa4+ c6 4. Qxc4 Nf6 5. d4 Bf5 6. g3 h6 ({RR} 6... Qd5 7. Qb4 Nbd7 8. Nc3 Qd6 9. Qxb7 Rb8 10. Qxa7 Nd5 11. Bg2 N7b6 12. Nxd5 cxd5 13. Bf4 Qb4+ 14. Bd2 Qd6 15. Qa6 Ra8 16. Qb5+ Bd7 17. Qd3 Nc4 18. Bc3 Bb5 19. b3 Na3 20. Qd2 Qa6 21. O-O {1-0 Lazavik,D (2578)-Sargsyan,A (2371) Titled Tue 11th Jun Late 2024 (4)}) 7. Bg2 e6 8. O-O Nbd7 9. Bf4 $146 ({RR} 9. Nc3 Be7 10. Re1 Bh7 11. e4 O-O 12. Qe2 Bb4 13. Nd2 e5 14. a3 Ba5 15. dxe5 Nxe5 16. Nc4 Bc7 17. Be3 Qd3 18. Qxd3 Nxd3 19. Red1 Rfd8 20. Bf1 Ne5 21. Nxe5 Bxe5 22. f3 b6 23. Ba6 Rab8 {1-0 Kulaots,K (2581)-Nohr,F (2093) Barcelona Sants op 15th 2013 (1)}) ({RR} 9. Nc3 Be7 10. Re1 Ne4 11. Nh4 Nd6 12. Qb3 Bxh4 13. gxh4 Qxh4 14. e4 Bh3 15. Qd1 Bxg2 16. Kxg2 O-O 17. Qf3 f5 18. e5 Ne4 19. Nxe4 fxe4 20. Rxe4 Qxh2+ 21. Kxh2 Rxf3 22. Be3 Kh7 23. Kg2 Raf8 {0-1 Yaksin,O (2389)-Tabatabaei,M (2694) Titled Tue 14th Nov Early 2023 (3)}) ({RR} 9. e3 Be7 10. Rd1 O-O 11. Nc3 Ne4 12. Ne1 Nxc3 13. Qxc3 Bg4 14. f3 Bh5 15. Nd3 Bg6 16. e4 Rc8 17. Be3 Qc7 18. b4 f5 19. Bf4 Qb6 20. Nc5 Nf6 21. Nxe6 Bxb4 22. Qb3 Rfe8 23. Rab1 Bf7 {1-0 Hnydiuk,A (2416)-Lewtak,D (2195) Krakow op-A 23rd 2012 (9)}) ({RR} 9. Nc3 Be7 10. Re1 Ne4 11. Qb3 Qb6 12. Nh4 Qxb3 13. axb3 Nd6 14. Nxf5 Nxf5 15. Rd1 Bf6 16. e3 O-O 17. Ne2 Rfd8 18. e4 Ne7 19. Be3 Nc8 20. Nc3 Ndb6 21. d5 Bxc3 22. bxc3 cxd5 23. exd5 exd5 {1-0 Ramirez Alvarez,A (2577)-Zierk,S (2403) Richardson UTD GM 7th 2010 (4)}) 9... Qb6 10. Qc1 Be7 11. Nc3 O-O 12. Re1 Ne4 13. Nh4 Bxh4 14. Nxe4 Be7 15. Nc3 Rac8 16. e4 Bh7 17. Be3 Qa5 18. Qd2 Qh5 19. d5 Rfd8 20. Qd1 Qxd1 21. Raxd1 Nb6 22. Bh3 f5 23. Bxb6 axb6 24. exf5 cxd5 25. f6 Bxf6 26. Bxe6+ Kf8 27. Bxc8 Rxc8 28. Nxd5 Bxb2 29. Nxb6 Rc7 30. Rd8+ Kf7 31. Nd5 Rc2 32. Rd7+ Kg6 33. Nf4+ Kg5 34. Rxb7 Bf5 35. Re2 Rc1+ 36. Kg2 Bd4 37. Rf7 Rc3 38. f3 1-0

[Event "45th Olympiad 2024"]
[Site "Budapest HUN"]
[Date "2024.09.18"]
[Round "7.47"]
[Board "3"]
[White "Mizzi, Jack"]
[Black "Croad, Nicolas"]
[Result "1/2-1/2"]
[WhiteElo "2053"]
[BlackElo "2195"]
[PlyCount "87"]
[EventDate "2024.09.11"]
[WhiteTeam "Malta"]
[BlackTeam "New Zealand"]
[WhiteTeamCountry "MLT"]
[BlackTeamCountry "NZL"]

1. d4 Nf6 2. c4 e6 3. g3 Bb4+ 4. Nd2 c5 5. a3 Bxd2+ 6. Qxd2 cxd4 7. Nf3 O-O 8. Bg2 d5 9. cxd5 Qxd5 10. Qxd4 Nc6 11. Qxd5 Nxd5 12. b4 $146 ({RR} 12. Bd2 Rd8 13. O-O-O Bd7 14. Rhe1 Rac8 15. Kb1 Be8 16. Bh3 h6 17. Rc1 Nf6 18. Be3 Nd5 19. Bd2 Nf6 20. Be3 b6 21. Nd4 Nxd4 22. Rxc8 Rxc8 23. Bxd4 Ne4 24. Be3 Bb5 25. Bg2 Nd6 26. Bf4 Nf5 {0-1 Korchmar,V (2419)-Kryakvin,D (2586) Voronezh op-A 23rd 2019 (5)}) ({RR} 12. O-O b6 13. Bd2 Ba6 14. Rfe1 Rac8 15. e4 Nf6 16. Bc3 Rfd8 17. Rac1 Bd3 18. Ne5 Nxe5 19. Bxe5 h6 20. f3 Bb5 21. Bf4 Ne8 22. h4 f6 23. Kf2 Kf7 24. Bh3 g5 25. Be3 Nd6 26. b3 Nb7 {1-0 Travesset Sagre,J (2264)-Pogorelov,R (2273) 24th Torredembarra Open 2024 (5.1)}) ({RR} 12. O-O e5 13. Nxe5 Nxe5 14. Bxd5 Bh3 15. Rd1 Rad8 16. Bf4 Nc6 17. f3 Bf5 18. e4 Be6 19. Rac1 h6 20. Kf2 g5 21. Be3 Kg7 22. Bxc6 bxc6 23. Bxa7 Rxd1 24. Rxd1 Ra8 25. Bd4+ Kf8 26. Bc3 c5 {1-0 Korchmar,V (2451)-Rottenwohrer Suarez,J (2197) Titled Tuesday intern op 16th June blitz 2020 (4)}) ({RR} 12. O-O Bd7 13. Bd2 Rfd8 14. Rac1 Rac8 15. Rfd1 h6 16. Kf1 Be8 17. Ne1 Nce7 18. Rxc8 Rxc8 19. Rc1 Rxc1 20. Bxc1 Bc6 21. Nc2 Nf6 22. Bh3 Ba4 23. Nd4 Nc6 24. Nxc6 Bxc6 25. Be3 a6 26. Bc5 Ne4 {½-½ Huebner,R (2620)-Franzoni,G (2445) SUI-chT Switzerland 1991}) 12... Bd7 13. O-O Rac8 14. Bd2 Rfd8 15. Rfc1 h6 16. b5 Nce7 17. e4 Nf6 18. Ba5 Rxc1+ 19. Rxc1 Rc8 20. Rxc8+ Nxc8 21. Nd4 e5 22. Nf3 Bxb5 23. Nxe5 Nd6 24. f3 Nd7 25. Nxd7 Bxd7 26. Bb4 Nb5 27. Bf1 b6 28. Kf2 Nd4 29. Bc4 Be6 30. Bd3 f6 31. Ke3 Nc6 32. Bd6 Ne5 33. Bb8 Nxd3 34. Kxd3 a6 35. Kd4 Kf7 36. Bc7 b5 37. f4 f5 38. exf5 Bxf5 39. Ke5 g6 40. Ba5 h5 41. Bb4 Bh3 42. Ba5 Bf5 43. Bb4 Bh3 44. Ba5 1/2-1/2

[Event "45th Olympiad 2024"]
[Site "Budapest HUN"]
[Date "2024.09.18"]
[Round "7.47"]
[Board "4"]
[White "Gong, Daniel Hanwen"]
[Black "Zerafa, Patrick"]
[Result "1/2-1/2"]
[WhiteElo "2240"]
[BlackElo "1986"]
[PlyCount "74"]
[EventDate "2024.09.11"]
[WhiteTeam "New Zealand"]
[BlackTeam "Malta"]
[WhiteTeamCountry "NZL"]
[BlackTeamCountry "MLT"]

1. d4 Nf6 2. c4 g6 3. Nc3 Bg7 4. e4 d6 5. h3 e5 6. dxe5 dxe5 7. Qxd8+ Kxd8 8. Be3 c6 9. Nf3 Nbd7 ({RR} 9... Nfd7 10. O-O-O Ke7 11. c5 h5 12. Bc4 Bh6 13. Bxh6 Rxh6 14. Ng5 f6 15. Nf7 Rh7 16. Nd6 Rh8 17. g4 Nxc5 18. gxh5 b5 19. b4 bxc4 20. Nxc8+ Rxc8 21. bxc5 g5 22. h4 g4 23. Rhg1 Na6 24. Rxg4 {1-0 Duda,J (2740)-Carlsen,M (2864) Miami FTX Crypto Cup rapid 2022 (5.3)}) 10. O-O-O Ke7 11. g4 $146 ({RR} 11. c5 Ne8 12. Bc4 Nf8 13. Ng5 Be6 14. Nxe6 Nxe6 15. Bxe6 fxe6 16. Rd3 Rd8 17. Rhd1 Nf6 18. b4 Rxd3 19. Rxd3 Rd8 20. Rxd8 Kxd8 21. Kc2 h6 22. Kd3 Ke7 23. Na4 Nd7 24. Nb2 b5 25. cxb6 axb6 {1-0 Pavlovic,G (2372)-Radovanovic,N (2308) Kragujevac Radnicki 2014 (8)}) ({RR} 11. Kc2 Ne8 12. c5 Nc7 13. b4 Ne6 14. Bc4 Ndf8 15. Rd6 Bd7 16. Rhd1 Rc8 17. a4 Nf4 18. Ng5 Nxg2 19. Bc1 Be8 20. Nxf7 Nf4 21. Nxh8 Bxh8 22. Ne2 N8e6 23. a5 a6 24. h4 Bg7 25. h5 Bh8 {1-0 Peyrer,K (2442)-Kanarek,M (2503) 2nd Bundesliga Nord 23-24 2023 (9.1)}) ({RR} 11. Be2 h5 12. g3 Ne8 13. h4 Nc7 14. Ng5 f6 15. Nh3 Bh6 16. f4 b6 17. b3 exf4 18. gxf4 Ne5 19. Kb1 Ng4 20. Bc1 Be6 21. Rdf1 Bd7 22. Ba3+ Kf7 23. Ng5+ Ke8 24. Nh3 Rd8 25. Bc1 Kf7 {0-1 Acosta,P (2482)-Henriquez Villagra,C (2624) Zonal 2.5 2023 (5.2)}) ({RR} 11. c5 Ne8 12. Bc4 f6 13. b4 Nf8 14. Rd3 h5 15. Rhd1 Bh6 16. Kb2 Bxe3 17. fxe3 h4 18. a3 Nc7 19. Rd6 Bd7 20. Nd2 Ne8 21. Rd3 Rh5 22. Nb3 Rg5 23. R1d2 Nc7 24. Na5 Rb8 25. a4 Rg3 {½-½ Materia,M (2445)-Kulaots,K (2494) Vezerkepzo GM April 2023 (3.3)}) 11... Re8 12. Nxe5 Nxe4 13. Nxd7 Nxc3 14. Bc5+ Kd8 15. bxc3 Bxd7 16. Kb2 b6 17. Be3 Kc7 18. g5 Rad8 19. Be2 Be6 20. h4 Rxd1 21. Rxd1 Rd8 22. Bd4 Bf8 23. h5 Bd6 24. Bf6 Rd7 25. hxg6 hxg6 26. a4 Bc5 27. Bd4 Be7 28. Rg1 c5 29. Be3 Bd6 30. Ra1 a5 31. Rh1 Rd8 32. Kb3 Be5 33. Bf3 Rd3 34. Rc1 Rd8 35. Rh1 Rd3 36. Rc1 Rd8 37. Rh1 Rd3 1/2-1/2

[Event "45th Olympiad 2024"]
[Site "Budapest HUN"]
[Date "2024.09.18"]
[Round "7.48"]
[Board "1"]
[White "Barrish, Daniel"]
[Black "Alho, Diogo"]
[Result "1-0"]
[WhiteElo "2281"]
[BlackElo "2192"]
[PlyCount "103"]
[EventDate "2024.09.11"]
[WhiteTeam "South Africa"]
[BlackTeam "Cape Verde"]
[WhiteTeamCountry "RSA"]

1. d4 Nf6 2. c4 e6 3. Nc3 Bb4 4. Qc2 d5 5. a3 Bxc3+ 6. Qxc3 O-O 7. Nf3 dxc4 8. Qxc4 c6 $146 ({RR} 8... b6 9. Bf4 Nd5 10. Bg3 Ba6 11. Qa4 Qd7 12. Qxd7 Nxd7 13. Ne5 Nxe5 14. Bxe5 Rac8 15. Rc1 f6 16. Bg3 Rfd8 17. e3 Bxf1 18. Rxf1 c6 19. Ke2 Kf7 20. Rc2 Ke8 21. Rfc1 Kd7 22. e4 Ne7 23. f3 {½-½ Rubinstein,A-Bogoljubow,E Karlsbad-04 International Masters 1929 (16)}) ({RR} 8... b6 9. Bg5 Ba6 10. Qc2 h6 11. Bh4 c5 12. e4 Bxf1 13. Rxf1 g5 14. Bg3 cxd4 15. Rd1 Qc8 16. Qe2 Qa6 17. Bxb8 Qxe2+ 18. Kxe2 Raxb8 19. Rxd4 Rbc8 20. Rfd1 Rc2+ 21. R1d2 Rfc8 22. Ne5 Rc1 23. Rd8+ {1-0 Morozevich,A (2771)-Topalov,V (2796) Amber-blindfold 18th rapid 2009 (4)}) ({RR} 8... b6 9. Bg5 Ba6 10. Qc2 c5 11. Rd1 cxd4 12. Rxd4 Qc8 13. Qxc8 Rxc8 14. Bxf6 gxf6 15. e3 Bb7 16. Be2 Bd5 17. O-O Nc6 18. Rg4+ Kh8 19. e4 Bb3 20. Rf4 Kg7 21. Rg4+ Kf8 22. Rh4 Kg7 23. Rg4+ {0-1 Caetano,R (2240)-Delgado Ramirez,N (2562) 9th Floripa Open 2023 (5.4)}) ({RR} 8... b6 9. Qc2 Bb7 10. e3 Be4 11. Bd3 Bxd3 12. Qxd3 c5 13. O-O cxd4 14. Qxd4 Nc6 15. Qa4 Rc8 16. Bd2 Qd3 17. Rac1 Ne4 18. Rxc6 Nxd2 19. Nxd2 Rxc6 20. Qxc6 Qxd2 21. Qb7 Qxb2 22. Qxa7 g6 23. a4 {½-½ Belavenets,S-Chekhover,V URS-ch09 Final 1934 (13)}) ({RR} 8... b6 9. Bg5 Ba6 10. Bxf6 Qxf6 11. Qxc7 Rc8 12. Qe5 Nd7 13. Qxf6 Nxf6 14. Kd2 Ne4+ 15. Ke3 Nd6 16. Kf4 Rc2 17. e4 Bxf1 18. Rhxf1 Rxb2 19. Rab1 Re2 20. Rbe1 Ra2 21. Ra1 Rc2 22. Rfc1 Rxf2 23. Rc6 {0-1 Enevoldsen,J-Mikenas,V Olympiad-08 Preliminaries C 1939 (6)}) 9. g3 Qd5 10. Qc2 Nbd7 11. Bg2 e5 12. dxe5 Nxe5 13. O-O Nxf3+ 14. Bxf3 Bf5 15. Bxd5 Bxc2 16. Bg2 Rfe8 17. Re1 a5 18. f3 Rad8 19. e4 a4 20. Be3 h6 21. Rac1 Bb3 22. Bf1 Nd7 23. Rc3 Ne5 24. Bc1 b5 25. f4 Nc4 26. Kf2 f6 27. h4 Rd6 28. h5 Na5 29. Bg2 Nc4 30. Bf3 Red8 31. Bg4 Re8 32. Bf5 Na5 33. Rc5 Bf7 34. e5 Rd5 35. Rxd5 Bxd5 36. Bd7 Re7 37. e6 Nb7 38. f5 Nc5 39. Bf4 Nxd7 40. Bd6 Ne5 41. Rxe5 fxe5 42. Bxe7 Bb3 43. g4 Bd1 44. Kg3 e4 45. Bc5 Be2 46. Kh4 Bc4 47. g5 hxg5+ 48. Kxg5 Kh7 49. Be3 Bb3 50. h6 gxh6+ 51. Kf6 Kg8 52. Ke7 1-0

[Event "45th Olympiad 2024"]
[Site "Budapest HUN"]
[Date "2024.09.18"]
[Round "7.48"]
[Board "2"]
[White "Mirulla, David"]
[Black "Karsten, Jan"]
[Result "0-1"]
[WhiteElo "1904"]
[BlackElo "2311"]
[PlyCount "88"]
[EventDate "2024.09.11"]
[WhiteTeam "Cape Verde"]
[BlackTeam "South Africa"]
[BlackTeamCountry "RSA"]

1. e4 c5 2. Nf3 d6 3. d4 cxd4 4. Nxd4 Nf6 5. Nc3 a6 6. h3 e5 7. Nde2 h5 8. g3 Be7 9. Bg2 b5 10. Bg5 Be6 11. Bxf6 ({RR} 11. a3 Nbd7 12. O-O O-O 13. f4 Nb6 14. b3 Bc8 15. Qd3 Bb7 16. Rad1 Rc8 17. f5 Nbd7 18. Qd2 a5 19. h4 Qc7 20. Rc1 d5 21. Nxd5 Bxd5 22. exd5 Bxa3 23. Ra1 Bc5+ 24. Kh1 Bb4 25. c3 Bxc3 {0-1 Al Tarbosh,W (2277)-Vestby-Ellingsen,M (2336) Fagernes GM Open 2024 (7.27)}) 11... Bxf6 12. Nd5 Nd7 13. O-O O-O $146 ({RR} 13... Rc8 14. a4 Bxd5 15. exd5 Qb6 16. Nc3 h4 17. g4 Bg5 18. axb5 axb5 19. Qd3 Rb8 20. b4 Qd4 21. Qxd4 exd4 22. Rfe1+ Kd8 23. Ne2 Bf6 24. g5 d3 25. gxf6 dxe2 26. fxg7 Rg8 27. Rxe2 Rxg7 28. Kh2 {½-½ Khmelev,M (1995)-Obolentseva,A (2324) Moscow-ch final 2019 (7)}) ({RR} 13... h4 14. g4 Bg5 15. Nec3 Rb8 16. a3 O-O 17. Qe2 Nb6 18. Rfd1 Qc8 19. Nxb6 Rxb6 20. Nd5 Rc6 21. c3 Rd8 22. a4 Qb7 23. axb5 axb5 24. Bf1 Rc5 25. b4 Rc6 26. Qxb5 Qxb5 27. Bxb5 Bxd5 28. Rxd5 {½-½ Marzocchi,T (2223)-Swicarz,M (2336) Trieste op 24th 2022 (9)}) 14. Qd2 Bg5 15. f4 Bh6 16. Qd3 Rc8 17. Nec3 b4 18. Na4 Bxd5 19. exd5 exf4 20. gxf4 Qa5 21. b3 Nc5 22. Nxc5 Qxc5+ 23. Kh1 Qxc2 24. Be4 Qxd3 25. Bxd3 Rc3 26. Bxa6 Re8 27. Rfe1 Ree3 28. Rxe3 Rxe3 29. Rc1 Rxh3+ 30. Kg2 Rh2+ 31. Kf3 Rxa2 32. Rc6 h4 33. Bf1 Rb2 34. Rc8+ Kh7 35. Bd3+ g6 36. Bc2 Bg7 37. f5 h3 38. fxg6+ fxg6 39. Kg3 h2 40. Be4 Be5+ 41. Kg4 Rxb3 42. Rc1 Rg3+ 43. Kh4 Kh6 44. Bxg6 Rg1 0-1